Countries with the most churches surpassing 95 metres (312 feet) - Statistics

General Stats
  • This quiz has been taken 12 times
  • The average score is 30 of 33
Answer Stats
Hint Answer Height (in m) % Correct
2 Argentina 112.0
100%
2 Australia 105.0
100%
7 Belgium 124.9
100%
2 Brazil 124.0
100%
1 Croatia 108.4
100%
1 Denmark 96.0
100%
1 Finland 96.6
100%
13 France 151.0
100%
40 Germany 161.5
100%
2 Hungary 100.0
100%
9 Italy 126.0
100%
1 Norway 97.8
100%
8 Russia 122.5
100%
3 Spain 172.5
100%
5 Sweden 118.7
100%
3 Switzerland 100.6
100%
4 United Kingdom 123.1
100%
3 United States 119.8
100%
2 Colombia 113.0
92%
3 Czech Republic 102.3
92%
2 Estonia 123.7
92%
1 Latvia 123.3
92%
6 Netherlands 112.3
92%
11 Poland 141.5
92%
1 Romania 135.0
92%
1 Ukraine 96.5
92%
5 Austria 136.4
83%
1 Canada 102.0
83%
1 Bosnia and Herzegovina 107.2
75%
1 Ecuador 115.0
58%
1 Ivory Coast 158.0
58%
1 Vatican City 136.6
58%
1 Mexcio 107.5
0%
No matching quizzes found
Score Distribution
Percent of People with Each Score
Percentile by Number Answered
Your Score History
You have not taken this quiz